Estatísticas para Os 15 principais países com mortes por Covid19 - 13 de abril 2022

Clique aqui para jogar o quiz

Estatísticas Gerais

  • Esse quiz foi jogado 18 vezes
  • A pontuação média é 15 de 27

Estatísticas das Respostas

país% Correto
Brasil
100%
Estados Unidos
100%
Reino Unido
100%
Rússia
94%
França
88%
Índia
88%
Itália
88%
Alemanha
75%
Argentina
75%
México
69%
Polônia
69%
Colômbia
63%
Peru
63%
Indonésia
56%
Hungria
50%
Irão
50%
Romênia
44%
Bulgária
38%
Croácia
38%
Chequia
31%
Bósnia e Herzegovina
25%
Eslováquia
25%
Eslovénia
25%
Macedónia do Norte
25%
Geórgia
13%
Letónia
13%
Lituânia
13%

Distribuição das Pontuações

Percentil de Números Respondidos

Porcentagem de Pessoas com Cada Pontuação

Sua Pontuação Histórica

Você não jogou esse quiz